Welcome to the Holygrace Academy Library

Please use search bar below to get started

DELHI GADHAKAL (Record no. 8673)

MARC details
000 -LEADER
fixed length control field 01162nam a22001337a 4500
082 ## - DEWEY DECIMAL CLASSIFICATION NUMBER
Classification number 894.812.3
Item number MUK/D
245 ## - TITLE STATEMENT
Title DELHI GADHAKAL
246 ## - VARYING FORM OF TITLE
Title proper/short title DELHI GADHAKAL
Remainder of title DELHI GADHAKAL
260 ## - PUBLICATION, DISTRIBUTION, ETC. (IMPRINT)
Place of publication KOTTAYAM,INDIA
Name of publisher D C BOOKS
Year of publication 2023
300 ## - PHYSICAL DESCRIPTION
Number of Pages 573
520 ## - SUMMARY, ETC.
Summary, etc മുകുന്ദൻ തന്റെ നാൽപതുവർഷത്തെ ഡൽഹി വാസത്തിൽ കണ്ട എല്ലാത്തരം കാഴ്ചകളും ഒരു സാധാരണക്കാരന്റെ ദൃഷ്ടിയിൽ ഈ കൃതിയിൽ അവതരിപ്പിക്കുന്നു. 1961-ലാണ് കഥ ആരംഭിക്കുന്നത്. അടിയന്തരാവസ്ഥ, യുദ്ധങ്ങൾ, സിഖ് കൂട്ടക്കൊല,ഇന്ദിരാ ഗാന്ധി വധം, സ്ഫോടനപരമ്പരകൾ എന്നിവ ഡെൽഹിയെ എങ്ങനെ ബാധിക്കുന്നു എന്നതിന്റെ നേർക്കാഴ്ചകളാണ് നോവലിന്റെ ഇതിവൃത്തം.
650 ## - SUBJECT ADDED ENTRY--TOPICAL TERM
Topical Term MALAYALAM NOVEL
942 ## - ADDED ENTRY ELEMENTS (KOHA)
Koha item type Books
Holdings
Withdrawn status Lost status Collection code Home library Current library Shelving location Date acquired Source of acquisition Cost, normal purchase price Full call number Accession Number Koha item type
    Fiction Main Library Main Library NEW SHELF WITH NEW ENTRY 07/03/2024 PURCHASED 599.00 894.812.3 MUK/D 13593 Books